| 000 | 00706nam a2200205 a 4500 | ||
|---|---|---|---|
| 008 | 110912s1990 ||||||||||||||||| || u | ||
| 020 | _a0721622291 | ||
| 050 | _aRJ 45 Nel | ||
| 100 | _aNelson, Waldo E | ||
| 245 | 1 | 0 | _aNelson Essentials of pediatrics |
| 260 |
_aPhiladelphia: _bW. B. Saunders _c1990 |
||
| 300 | _axi, 743p.: ill. | ||
| 350 | _a0.00 | ||
| 650 | _aCHILDREN | ||
| 650 | _aPEDIATRICS--STUDY AND TEACHING | ||
| 650 | 0 | _aPEDIATRICS | |
| 700 | _aBehrman, Richard E | ||
| 700 | _aKliegman, Robert | ||
| 995 |
_aMEDICAL LIBRARY OPEN ACCESS _D0.00 _e900487 _FCBU-SCHOOL OF MEDICINE LIBRARY (Ndola) _H1 _I0.00 _jRJ 45 NEL _M1 _UAVAILABLE _WDec 7, 2011 _y900487 _ZMedical Library Open Access Collection |
||
| 999 |
_c32142 _d32142 |
||